Entry Personal Name
Number of records used in: 1
001 - CONTROL NUMBER
003 - CONTROL NUMBER IDENTIFIER
005 - DATE AND TIME OF LATEST TRANSACTION
- control field:
20210706102533.0
008 - FIXED-LENGTH DATA ELEMENTS
- fixed length control field:
931221n| acannaab |a aaa
010 ## - LIBRARY OF CONGRESS CONTROL NUMBER
- LC control number:
n 93123261
- Canceled/invalid LC control number:
nr2005008708
040 ## - CATALOGING SOURCE
- Original cataloging agency:
DLC
- Transcribing agency:
DLC
- Modifying agency:
DLC
100 10 - HEADING--PERSONAL NAME
- Personal name:
Curtis, Tony
- Fuller form of name:
(Anthony)
400 10 - SEE FROM TRACING--PERSONAL NAME
- Personal name:
Curtis, A.
- Fuller form of name:
(Anthony)
400 10 - SEE FROM TRACING--PERSONAL NAME
- Personal name:
Curtis, Anthony,
- Dates associated with a name:
1945-
670 ## - SOURCE DATA FOUND
- Source citation:
His Business and marketing for engineers and scientists, c1993:
- Information found:
CIP t.p. (Tony Curtis; Plymouth Business School, Univ. of Plymouth [England]) pub. info. (Anthony Curtis; Dr. A. Curtis; senior lecturer)
670 ## - SOURCE DATA FOUND
- Source citation:
Introduction to perfumery, 2001:
- Information found:
CIP t.p. (Tony Curtis) data sheet (Curtis, Anthony John; b. May 3, 1945)